000
00223nam a22000857a 4500
008
170613b xxu||||| |||| 00| 0 eng d
100
_9
3372
_a
Mohan. A
245
_a
Edegeways multi skill english
260
_a
New Delhi
_b
Prachi
_c
2010
999
_c
6709
_d
6709